| 000 | 01713cam a2200361 i 4500 | ||
|---|---|---|---|
| 999 |
_c1487 _d1487 |
||
| 001 | 18107837 | ||
| 003 | OSt | ||
| 005 | 20221230153927.0 | ||
| 008 | 140408s2015 iluab j b 001 0 eng | ||
| 010 | _a 2014013386 | ||
| 020 | _a9781484609705 (pb) | ||
| 040 |
_aDLC _beng _cDLC _erda _dDLC _dKH8 |
||
| 042 | _apcc | ||
| 043 | _as-pe--- | ||
| 082 | 0 | 0 |
_a985 WAL _223 |
| 100 | 1 |
_aWaldron, Melanie. _eauthor |
|
| 245 | 1 | 0 |
_aGeography matters in the Inca empire / _cMelanie Waldron. |
| 264 | 1 |
_aChicago, Illinois : _bHeinemann Raintree, _c2015. |
|
| 300 |
_a48 pages : _billustrations, maps ; _c25 cm. |
||
| 336 |
_atext _btxt _2rdacontent |
||
| 337 |
_aunmediated _bn _2rdamedia |
||
| 338 |
_avolume _bnc _2rdacarrier |
||
| 490 | 0 | _aGeography matters in ancient civilizations | |
| 504 | _aIncludes bibliographical references and index. | ||
| 505 | 0 | _aWho were the Incas? -- Where was the Inca empire? -- How did the Incas farm the land? -- What were travel, transport and trade like in the Inca empire? -- What were Inca towns and cities like? -- What was Inca life like? -- How did the Inca empire come to an end? -- Was geography important in the Inca empire? -- Quiz -- Glossary -- Find out more -- Index. | |
| 650 | 0 |
_aHuman geography _zPeru _vJuvenile literature. |
|
| 650 | 0 |
_aIncas _xSocial life and customs _vJuvenile literature. |
|
| 651 | 0 |
_aPeru _xHistorical geography _vJuvenile literature. |
|
| 651 | 0 |
_aPeru _xCivilization _xIndian influences _vJuvenile literature. |
|
| 906 |
_a7 _bcbc _corignew _d1 _eecip _f20 _gy-gencatlg |
||
| 942 |
_2ddc _cNFIC |
||